000 00680cam a2200241 4500500
005 20260329005351.0
041 _afre
042 _adc
100 1 0 _aDurand, Jean-Marie
_eauthor
245 0 0 _aGris. Une théorie politique des couleurs
260 _c2023.
500 _a28
690 _acouleur
690 _aDémocratie
690 _aÉtat
690 _aGris
690 _aMétaphysique
690 _aNuance
690 _aPeter Sloterdijk
690 _aPolitique
786 0 _nPhilosophie magazine | 169 | 5 | 2023-05-01 | p. 57-57 | 1951-1787
856 4 1 _uhttps://shs.cairn.info/magazine-philosophie-magazine-2023-5-page-57?lang=fr&redirect-ssocas=7080
999 _c1842732
_d1842732